Liste des pays du monde (sans carte) - Statistiques

Statistiques générales
  • Ce quiz a été pris 487 fois
  • Le résultat moyen est 135 sur 196
Statistiques - réponses
Answers % Correct
France
90%
Espagne
89%
Algérie
88%
Canada
87%
États-Unis
87%
Russie
87%
Allemagne
86%
Maroc
86%
Afrique du Sud
85%
Argentine
85%
Belgique
85%
Portugal
85%
Andorre
84%
Finlande
84%
Italie
84%
République Démocratique du Congo
83%
Suède
83%
Brésil
82%
Chine
82%
Égypte
82%
Estonie
82%
Irlande
82%
Lituanie
82%
Mexique
82%
Norvège
82%
Royaume-Uni
82%
Suisse
82%
Australie
81%
Islande
81%
Lettonie
81%
République du Congo
81%
Autriche
80%
Chili
80%
Corée du Sud
80%
Danemark
80%
Japon
80%
Corée du Nord
79%
Monaco
79%
Slovaquie
79%
Tunisie
79%
Vatican
79%
Grèce
78%
Luxemburg
78%
Uruguay
78%
Albanie
77%
Colombie
77%
Hongrie
77%
Iran
77%
Slovénie
77%
Biélorussie
76%
Bolivie
76%
Inde
76%
Irak
76%
Niger
76%
Pérou
76%
Pologne
76%
Turquie
76%
Mali
75%
Nouvelle-Zélande
75%
Pays-Bas
75%
Soudan
75%
Ukraine
75%
Croatie
74%
Guinée
74%
Pakistan
74%
Paraguay
74%
Roumanie
74%
Sénégal
74%
Venezuela
74%
Afghanistan
73%
Israël
73%
Libye
73%
Nigeria
73%
République Tchèque
73%
Zimbabwe
73%
Angola
72%
Arabie Saoudite
72%
Arménie
71%
Cameroun
71%
Chypre
71%
Cuba
71%
Équateur
71%
Indonésie
71%
Madagascar
71%
Malte
71%
Ouzbékistan
71%
Serbie
71%
Guyana
70%
Jamaïque
70%
Liechtenstein
70%
Macédoine du nord
70%
Qatar
70%
Viêt Nam
70%
Zambie
70%
Bosnie-Herzégovine
69%
Bulgarie
69%
Éthiopie
69%
Saint-Marin
69%
Bénin
68%
Côte d'Ivoire
68%
Émirats Arabes Unis
68%
Honduras
68%
Mauritanie
68%
Panama
68%
Somalie
68%
Thaïlande
68%
Yémen
68%
Kosovo
67%
Liban
67%
Monténégro
67%
Oman
67%
Soudan du sud
67%
Costa Rica
66%
Haïti
66%
Kazakhstan
66%
Laos
66%
Moldavie
66%
Turkménistan
66%
Ghana
65%
Guatemala
65%
Kenya
65%
Lesotho
65%
Mongolie
65%
Namibie
65%
Nicaragua
65%
Syrie
65%
Togo
65%
Cambodge
64%
Gabon
64%
Jordanie
64%
Mozambique
64%
Tanzanie
64%
Rwanda
63%
Suriname
63%
Bahamas
62%
Belize
62%
Burkina Faso
62%
Eswatini
62%
Guinée-Bissau
62%
Guinée Équatoriale
62%
Népal
62%
Tchad
62%
Azerbaïdjan
61%
Birmanie
61%
Cap-Vert
61%
Érythrée
61%
Fidji
61%
Singapour
61%
Taïwan
61%
Bangladesh
60%
Botswana
60%
Comores
60%
Gambie
60%
Géorgie
60%
Malaisie
60%
Ouganda
60%
Sainte-Lucie
60%
Bahreïn
59%
Barbade
59%
Bhoutan
59%
Burundi
59%
Djibouti
59%
Papouasie-Nouvelle- Guinée
59%
Philippines
59%
Salvador
59%
Tadjikistan
59%
Seychelles
58%
Antigua-et-Barbuda
57%
Dominique
57%
Kirghizistan
57%
Koweït
57%
République Centrafricaine
57%
République Dominicaine
57%
Maurice
56%
Saint-Vincent-et-les- Grenadines
56%
Sri Lanka
56%
Liberia
55%
Saint-Christophe- et-Niévès
55%
Maldives
54%
Brunei
53%
Grenade
53%
Îles Marshall
53%
Sierra Leone
53%
Tuvalu
53%
Malawi
52%
Îles Salomon
50%
Sao Tomé-et-Principe
50%
Trinité-et-Tobago
50%
Vanuatu
50%
Samoa
49%
États Fédérés de Micronésie
48%
Tonga
48%
Kiribati
47%
Nauru
46%
Palaos
46%
Timor Oriental
45%
Aucun quiz correspondant
Distribution des résultats
% des personnes avec chaque résultat
Percentile par nombre de réponses
Votre historique - résultats
Vous n’avez pas pris ce quiz